| 000 | 00000nam##2200000za#4500 |
| 001 | 9.697886 |
| 003 | CaOODSP |
| 005 | 20210624235700 |
| 007 | cr ||||||||||| |
| 008 | 150407|2009||||xxc|||||o f|0| 0 eng|d |
| 040 | |aCaOODSP|beng |
| 043 | |an-cn--- |
| 086 | 1 |aEn108-4/59-2009E-PDF |
| 110 | 1 |aCanada.|bCanadian Council of Ministers of the Environment. |
| 245 | 10|aModel sewer use bylaw : |h[electronic resource]|bmodel sewer use bylaw guidance document / |cprepared by Marbek Resource Consultants Ltd. |
| 260 | |aWinnipeg - Manitoba : |bCanadian Council of Ministers of the Environment |cc2009. |
| 300 | |a180p. |
| 590 | |a13-13-Supp|b2013-05-21 |
| 690 | 07|aGuidelines|2gcpds |
| 690 | 07|aHazardous waste|2gcpds |
| 690 | 07|aWaste management|2gcpds |
| 775 | 08|tRèglement type relatif aux rejets à l'égout : |w(CaOODSP)9.641882 |
| 856 | 40|ahttp://publications.gc.ca|qPDF|s1109 KB|uhttps://publications.gc.ca/collections/collection_2013/ccme/En108-4-59-2009-eng.pdf |
| 986 | |aPN 1421 |